00325 a2200097 4500001001000000005001700010008004100027245007100068100002100139773006700160ART_1290120260410161734.0260409a 10aNuevas herramientas para manejar el riesgo de las tasas de interes1 aJanovitz, Elemer0 tEjecutivos de finanzasg- Año 7, Nº 67 (jul. 1990)wREV2863